000 00522nam a2200181 a 4500
005 20140310183331.0
008 060822s19uu xx 00 eng d
020 _a0596008422
050 _aTK 5105.888
_b.M3186 2006
100 _aMacDonald, Matthew
245 _aCreating web sites :
_bthe missing manual /
_cMatthew MacDonald.
260 _aBeijing :
_bPogue Press O'Reilly,
_c2006.
300 _a548 p. :
_bill. ;
_c25 cm.
521 _aIT
650 _aWeb Sites
_xDesign.
942 _cBK
_2lcc
_kFOR
999 _c21578
_d21578